000 00967nam a2200277 a 4500
001 58645
003 BD-RJUL
005 20211209080638.0
008 161219s2008 wau b 001 0 eng c
020 _a9780821373804
020 _a9780821373811
035 _a(BD-RJUL)58769
040 _aMH
_cHLS
_dUKM
_dBD-RJUL
_beng
041 _aeng
082 0 _a338.927091724
_223
_bSCI 2008
245 0 0 _aScience, technology, and innovation :
_bcapacity building for sustainable growth and poverty reduction /
_cMichael Ehst and Alfred J Watkins.
260 _aWashington D.C :
_bWorld Bank,
_c2008.
300 _axi, 211 p. ;
_c25 cm.
504 _aIncludes index and bibliography
650 _aResearch, Industrial
_vDeveloping countries
_2Congresses.
_9174296
650 _aScienc
_v Study and teaching
_2Developing countries.
_9174297
700 _aWatkins, Alfred
_9174298
700 _aEhst, Michael
_9174299
942 _2ddc
_cBK
999 _c58645
_d58645